Николай Александрович Майсурян (Запись № 1724097)

Подробности
000 -МАРКЕР
контрольное поле 02171nam0a2200337 4500
001 - ИДЕНТИФИКАТОР ЗАПИСИ
контрольное поле RU\NLR\bibl\903555
005 - ИДЕНТИФИКАТОР ВЕРСИИ
контрольное поле 20260407090330.0
021 ## - НОМЕР ГОСУДАРСТВЕННОЙ РЕГИСТРАЦИИ
Код страны Российская Федерация
Номер 2005-86437
Номер Листа государственной регистраци 4282
035 ## - ДРУГИЕ СИСТЕМНЫЕ НОМЕРА
Идентификатор записи (NLR Aleph) 000891977
100 ## - ДАННЫЕ ОБЩЕЙ ОБРАБОТКИ
Данные общей обработки 20060204d2005 |||y0rusy50 ca
101 0# - ЯЗЫК РЕСУРСА
Язык текста, звукозаписи и т.д. русский
Язык резюме английский
Язык оглавления английский
102 ## - СТРАНА ПУБЛИКАЦИИ ИЛИ ПРОИЗВОДСТВА
Страна публикации Российская Федерация
105 ## - ПОЛЕ КОДИРОВАННЫХ ДАННЫХ: ТЕКСТОВЫЕ МАТЕРИАЛЫ, МОНОГРАФИЧЕСКИЕ
Кодированные данные о монографическом текстовом документе c |||||||||
200 1# - ЗАГЛАВИЕ И СВЕДЕНИЯ ОБ ОТВЕТСТВЕННОСТИ
Основное заглавие Николай Александрович Майсурян
Первые сведения об ответственности [сост. Г.А. Макаренко
Последующие сведения об ответственности редкол.: чл.-корр. РАСХН В.М. Баутин - пред. и др.
-- авт. вступ. ст. Г.Г. Гатаулина]
210 ## - ПУБЛИКАЦИЯ, РАСПРОСТРАНЕНИЕ И ДР.
Место издания, распространения и т.д. Москва
Имя издателя, распространителя и т. д. МСХА
Дата издания, распространения и т.д. 2005
215 ## - ФИЗИЧЕСКАЯ ХАРАКТЕРИСТИКА
Специфическое обозначение материала и объем [1],63 с.
Другие сведения о физической характеристике портр.
Размеры 20
225 1# - СЕРИЯ
Основное заглавие серии Материалы к биобиблиографии деятелей сельскохозяйственной науки и аграрного образования
225 1# - СЕРИЯ
Основное заглавие серии Ученые Тимирязевской академии
Сведения об ответственности Федер. гос. образоват. учреждение высш. проф. образования "Рос. гос. аграр. ун-т - МСХА им. К.А. Тимирязева" (ФГОУ ВПО РГАУ - МСХА им. К.А. Тимирязева), Центр. науч. б-ка им. Н.И. Железнова
300 ## - ОБЩИЕ ПРИМЕЧАНИЯ
Текст примечания Рез. на англ. яз.
320 ## - ПРИМЕЧАНИЯ О НАЛИЧИИ В ДОКУМЕНТЕ БИБЛИОГРАФИИ / УКАЗАТЕЛЯ
Текст примечания Алф. указ. тр.: с. 53-62
600 #1 - ИМЯ ЛИЦА КАК ПРЕДМЕТ
Начальный элемент ввода Майсурян
Часть имени, кроме начального элемента ввода Н.А.
Даты 1896 - 1967
Расширение инициалов личного имени Николай Александрович
Формальный подзаголовок Биобиблиография
Системный номер авторитетной/нормативной записи 1509788
Идентификатор авторитетной/нормативной записи RU\NLR\auth\66655266
686 ## - ИНДЕКСЫ ДРУГИХ КЛАССИФИКАЦИЙ
Индекс П13д(2)Майсурян я1
702 #1 - ИМЯ ЛИЦА - ВТОРИЧНАЯ ОТВЕТСТВЕННОСТЬ
Начальный элемент ввода Макаренко
Часть имени, кроме начального элемента ввода Г. А.
Код отношения Составитель
702 #1 - ИМЯ ЛИЦА - ВТОРИЧНАЯ ОТВЕТСТВЕННОСТЬ
Код отношения Редактор
Материалы, к которым относится поле rus
Графика поля Кириллица
Начальный элемент ввода Баутин
Часть имени, кроме начального элемента ввода М. С.
Дополнения к именам, кроме дат д-р экон. наук
Даты 1948-
Расширение инициалов личного имени Владимир Моисеевич
Идентификатор авторитетной/нормативной записи RU\NLR\auth\7729134
Системный номер авторитетной/нормативной записи 12163
712 02 - НАИМЕНОВАНИЕ ОРГАНИЗАЦИИ - ВТОРИЧНАЯ ОТВЕТСТВЕННОСТЬ
Код отношения Прочие
Начальный элемент ввода Московская сельскохозяйственная академия им. К. А. Тимирязева
Структурное подразделение Центральная научная библиотека им. Н. И. Железнова
Идентификатор авторитетной/нормативной записи RU\NLR\AUTH\8810047808
Системный номер авторитетной/нормативной записи 595648
801 #0 - ИСТОЧНИК ЗАПИСИ
Страна Российская Федерация
Организация NLR
Дата составления 20060204
Правила каталогизации rcr
801 #1 - ИСТОЧНИК ЗАПИСИ
Страна Российская Федерация
Организация NLR
Дата составления 20060204
942 ## - ДОПОЛНИТЕЛЬНЫЕ ЭЛЕМЕНТЫ ЗАПИСИ (АБИС)
Тип экземпляра АБИС Книга
980 ## - КОЛЛЕКЦИЯ
Название коллекции Национальная библиография
Экземпляры
Тип экземпляра Дата поступления Источник поступления Библиотека постоянного хранения Библиотека текущего хранения Место хранения Шифр хранения Штрих-код Статус экземпляра
Книга 04.02.2006 Обязательный экземпляр РНБ (Московский) РНБ (Московский) Центральная справочная библиотека С 2006-1/118 1-1601500  
Книга 04.02.2006 Обязательный экземпляр РНБ (Московский) РНБ (Московский) Центральная справочная библиотека С 2006-1/118 1-1601504